Tejiendo la red: el inventor del World Wide Web nos descubre su origen

Tallennettuna:
Bibliografiset tiedot
Päätekijät: Berners-Lee, Tim (Tekijä), Fischetti, Mark (Tekijä)
Aineistotyyppi: Kirja
Kieli:espanja
Julkaistu: Madrid Siglo Veintiuno 2000
Painos:1a. ed
Aiheet:
Tagit: Lisää tagi
Ei tageja, Lisää ensimmäinen tagi!

MARC

LEADER 00000cam a2200000 a 4500
001 UCD6866
003 CL-VaPUC
008 170226e20000000sp |||||||||||||||||spa|d
020 |a 8432310409 
082 0 4 |a 004.6  |b BER  |2 21 
100 0 |a Berners-Lee, Tim  |e author  |9 590716 
700 0 |a Fischetti, Mark  |e author  |9 590717 
245 1 0 |a Tejiendo la red: el inventor del World Wide Web nos descubre su origen 
250 |a 1a. ed 
300 |a 237 p 
942 |c BK 
945 |d 20170226 00:48:00  |a arojas 
260 |a Madrid  |b Siglo Veintiuno  |c 2000 
650 0 |a Internet   |9 254823 
650 7 |a REDES DE COMUNICACION  |2 CL-VaPUC  |9 373526 
583 |a last modification  |c 20170226 00:48:00  |k Rodrigo Vera 
999 |c 367043  |d 367041 
952 |0 0  |1 0  |3 erb  |4 0  |6 004_600000000000000_BER_2000  |7 0  |8 A  |9 481725  |a BIBENE  |b BIBENE  |i 5327407  |o 004.6 BER 2000  |p 5327407  |r 2025-01-15  |w 2019-11-24  |y BK  |z Catalogado en:20170226  |k ICO